Statistics for Oldest People In the Bible

Click here to take the quiz!

General Stats

  • This quiz has been taken 637 times
  • The average score is 8 of 28

Answer Stats

AgeName% Correct
950Noah
84%
930Adam
83%
175Abraham
81%
969Methuselah
71%
147Jacob
66%
180Isaac
62%
912Seth
59%
365Enoch
50%
600Shem
39%
777Lamech
29%
905Enos
26%
210Job
23%
962Jared
17%
239Reu
14%
137Ishmael
12%
137Levi
11%
205Terah
11%
895Mahalalel
9%
910Kenan
8%
148Nahor
8%
438Arphaxad
6%
239Peleg
6%
464Eber
4%
230Serug
3%
137Amram
1%
130Jehoiada
1%
133Kohath
1%
433Salah
1%

Score Distribution

Percentile by Number Answered

Percent of People with Each Score

Your Score History

You have not taken this quiz